The manual of copyright laws (Record no. 80397)
[ view plain ]
| 000 -LEADER | |
|---|---|
| fixed length control field | 00468nam a2200181Ia 4500 |
| 001 - CONTROL NUMBER | |
| control field | 69918 |
| 005 - DATE AND TIME OF LATEST TRANSACTION | |
| control field | 20230103091606.0 |
| 008 - FIXED-LENGTH DATA ELEMENTS--GENERAL INFORMATION | |
| fixed length control field | 151205s9999||||xx |||||||||||||| ||und|| |
| 020 ## - INTERNATIONAL STANDARD BOOK NUMBER | |
| International Standard Book Number | NA |
| 040 ## - CATALOGING SOURCE | |
| Transcribing agency | PK-LaUMT |
| 082 ## - DEWEY DECIMAL CLASSIFICATION NUMBER | |
| Classification number | 346.00482 |
| Item number | KHU-M |
| 100 ## - MAIN ENTRY--PERSONAL NAME | |
| Personal name | Khurram Shehzad Chughtai |
| 245 #4 - TITLE STATEMENT | |
| Title | The manual of copyright laws |
| Statement of responsibility, etc | Khurram Shehzad Chughtai |
| 260 ## - PUBLICATION, DISTRIBUTION, ETC. (IMPRINT) | |
| Place of publication, distribution, etc | Lahore,Pakistan: |
| Name of publisher, distributor, etc | Manzoor Law Book House, |
| Date of publication, distribution, etc | 2014 |
| 300 ## - PHYSICAL DESCRIPTION | |
| Extent | 403 p |
| 546 ## - LANGUAGE NOTE | |
| Language note | EN |
| 942 ## - ADDED ENTRY ELEMENTS (KOHA) | |
| Koha item type | Books |
| Withdrawn status | Lost status | Damaged status | Home library | Current library | Date acquired | Full call number | Barcode | Date last seen | Price effective from | Koha item type |
|---|---|---|---|---|---|---|---|---|---|---|
| UMT Main Campus | UMT Main Campus | 2015-12-04 | 346.00482 KHU-M | 96339 | 2015-12-05 | 2015-12-05 | Books |
